Stolice stanów Australii - Statystyki

Ogólne statystyki
  • Ten quiz został rozwiązany 1 971 razy
  • Średni wynik to 6 z 8
Statystyki odpowiedzi
Stan lub terytorium Populacja Miasto % Poprawnych
Nowa Południowa Walia 5 367 206 Sydney
98%
Australijskie Terytorium Stołeczne 431 380 Canberra
90%
Australia Zachodnia 2 125 114 Perth
86%
Wiktoria 5 159 211 Melbourne
85%
Queensland 2 560 720 Brisbane
64%
Australia Południowa 1 359 760 Adelaide
57%
Terytorium Północne 147 231 Darwin
52%
Tasmania 238 834 Hobart
42%
Nie znaleziono quizów pasujących do podanych kryteriów
Rozkład punktacji
Procent ludzi z każdym wynikiem
Percentyl według liczby udzielonych odpowiedzi
Twoja historia wyników
Nie rozwiązałeś tego quizu